LEADER 00801nam a2200217 i 4500 001 000000223764 003 CaOOAMICUS 005 20131018000000.0 008 131018s1792 it u000 u fre u 013 $a202662 026 $a1.E. l.s. t,de QuMa (3) 1792 (A) 040 $aSeMil$bita 245 10$aTome 86. 300 $a[4], 333, [3] p. 500 $aContiene : Recueil des lettres m. de Voltaire. Janvier 1760.-Fevrier 1761. 773 0 $aVoltaire <1694-1778>$tOeuvres completes de m. de Voltaire. Tome 1. [-100.].$dA Lyon : Chez J. B. Delamollière, 1791-1792.$g86$w()28886 850 $aSeMil 852 $aSeMil$W1$xVenegono$y1$m2Q I 166 FA$j174110$B174110$CSeMilBibl$Z2$F184296 $8I 941 1 $a10 961 $aRecupero: Mantegazza 996 $6245$aTome 86$9(OLS)http://semarc/title/320857 LEADER 00610nam a2200169 i 4500 001 000000231455 003 CaOOAMICUS 005 20140728000000.0 008 140728s1870 it u000 u lat u 013 $a210358 040 $aSeMil$bita 245 10$aTomus 2. 300 $a653 p. 773 0 $aSchouppe, Francois Xavier $tCursus scripturae sacrae seminariorum usui accomodatus eo intuito ....$dBruxellis : H. Goemaere, 1870.$g2$w()30243 850 $aSeMil 852 $aSeMil$W1$xVenegono$y1$m2W II 31 FA$j181801$B181801$CSeMilBibl$Z2$F192627 $8I 996 $6245$aTomus 2$9(OLS)http://semarc/title/93022